Name The Brand - Statistics

General Stats
  • This quiz has been taken 53 times
  • The average score is 12 of 15
Answer Stats
Picture Answer % Correct
Apple
100%
Nike
100%
Domino's
98%
McDonalds
98%
Wikipedia
98%
Microsoft
93%
Audi
91%
Target
91%
LG
89%
PlayStation
89%
Walmart
78%
Wilson
70%
General Electric
59%
General Mills
41%
Cisco
37%
No matching quizzes found
Score Distribution
Percent of People with Each Score
Percentile by Number Answered
Your Score History
You have not taken this quiz